000
00330nam a2200145Ia 4500
100
_a
Quinn. Bob/ Shute Dave
942
_c
RB
654
_a
Windows
245
_a
Windows Sockets Networks Programming
260
_b
Addison Wesley Pub
_a
Wokingham
_c
1996
082
_a
4.6
_b
QUI
300
_a
631
546
_a
ENGLISH
999
_c
35165
_d
35165